00927nam a2200241 a 450000100100000000500170001000800410002702000150006804000250008308200160010810000380012424501020016226000410026430000210030549000170032650000550034350000730039850400320047159000270050383000240053095201140055499900170066800003993620201002033822.0130730s2000 sp 000 0 spa d a8440697309 aDO-SdBNPbspacBNPHU axxxxbR696a1 aRodríguez, Pepe,d1953?-96614410aAdicción a sectas :bpautas para el análisis, prevención y tratamiento /cPepe Rodríguez. aBarcelona :bEdiciones B.S.A,c2000. a378 p. ;c24 cm.1 aSine qua non aIncluye datos biográficos del autor en la solapa aIncluye referencias bibliográficas y notas al pie de las páginas aBibliografía : p. 365-378 aInventariado, 2019 /LP 0aSine qua non966145 001050718MOaGRbGRcCTd2013-07-30iLF1l0oxxxx R696ap39936-10r2020-06-25w2020-06-25y1ZNo se presta c39426d39426